Sports Quiz

Random Sports or Basketball Quiz

20,000 Point Scorers Quiz Stats

Quiz not verified by Sporcle

Challenge
Share
Tweet
Embed
Score 0/39 Timer 08:00
0 Plays Today
Points Scored Answer % Correct
32292Michael Jordan
99.1%
38387Kareem Abdul-Jabbar
98.2%
31700Kobe Bryant
98.2%
36928Karl Malone
96.4%
31419Wilt Chamberlain
96.4%
28596Shaquille O'neal
96.4%
27409Moses Malone
96.4%
23170Lebron James
93.7%
26946Hakeem Olajuwon
91.9%
25626Kevin Garnett
91.9%
24904Tim Duncan
91%
21791Larry Bird
91%
20790David Robinson
90.1%
25031Paul Pierce
89.2%
24815Patrick Ewing
89.2%
26786Dirk Nowitzki
88.3%
26395John Havlicek
88.3%
25192Jerry West
87.4%
23757Charles Barkley
87.4%
26710Oscar Robertson
85.6%
Points Scored Answer % Correct
26668Dominique Wilkins
83.8%
22195Clyde Drexler
82.9%
24368Allen Iverson
82%
25613Alex English
79.3%
25279Reggie Miller
77.5%
23190Vince Carter
77.5%
24505Ray Allen
76.6%
23149Elgin Baylor
75.7%
27313Elvin Hayes
74.8%
20880Bob Pettit
73%
23334Robert Parish
72.1%
20708George Gervin
72.1%
23177Adrian Dantley
65.8%
21813Gary Payton
64.9%
20049Tom Chambers
57.7%
21586Hal Greer
51.4%
20497Mitch Richmond
48.6%
20042Antawn Jamison
45%
20941Walt Bellamy
43.2%

You're not logged in!

Compare scores with friends on all Sporcle quizzes.
Join for Free
OR
Log In

You Might Also Like...

Show Comments

Extras

Top Quizzes Today


Score Distribution

Your Account Isn't Verified!

In order to create a playlist on Sporcle, you need to verify the email address you used during registration. Go to your Sporcle Settings to finish the process.

Report this User

Report this user for behavior that violates our Community Guidelines.

Details: